000
00281nam a2200133Ia 4500
082
_a
150
_b
S05B
100
_a
BARON , ROBERT A.
245
_a
SOCIAL PSYCHOLOGY
250
_a
10TH
260
_b
PEARSON
_a
INDIA
_c
2005
300
_a
1-728
650
_a
PSYCHOLOGY
942
_2
ddc
_c
BK
_0
9
999
_c
1472
_d
1472